000 02301nam a22002657a 4500
999 _c419900
_d419900
001 137269
003 UA-OsUOA
005 20230504161356.0
007 ta
008 20190511b un ||||| |||| 00| 0 ukr d
020 _a978-617-7347-93-3
040 _aUA-OsUOA
_bukr
_cUA-OsUOA
_dUA-OsUOA
041 _aukr
080 _a821.161.2(73)
090 _a821.161.2(73)
_bВ14
100 _aВайтхед К.
245 _aПідземна залізниця
_bроман
260 _aК.
_bФорс Україна
_c2017
300 _a304 с.
520 _aРоман Колсона Вайтхеда, автора численних бестселерів, тримає читача в напрузі від першої до останньої сторінки. Ми ніби поринаємо в XIX століття, на плантацію в Джорджії. Разом із рабинею-втікачкою дивом вириваємося з тенет жаху, щоб на­ступної миті втрапити в ще страшніше пекло. Але це не просто авантюрна проза. У творі зачіпається украй серйозне питання, яке навряд чи можна вирішити однозначно. Що таке Америка часів Громадянської війни? Що таке нація, і як вона твориться? Виявляється, славнозвісна Декларація неза­лежності теж має хиби, як і «велика американська ідея», перед якою вже понад 200 років з пошаною чи заздрістю схиляється світ. Розплата за моральні злочини неминуча для всіх, незалеж­но від кольору шкіри. Хто вбиває раба, щоб уникнути його пом­сти, — насправді є рабом страху. А що таке справжня свобода — теж питання відкрите.
650 7 _a82 Література. Літературознавство
_2UDC
942 _cBK
_2udc
955 _a3